Fundamentals of Aerodynamics 5th/Ed (Record no. 312601)
[ view plain ]
| 000 -LEADER | |
|---|---|
| fixed length control field | 00445 a2200169 4500 |
| 001 - CONTROL NUMBER | |
| control field | 77528 |
| 020 ## - INTERNATIONAL STANDARD BOOK NUMBER | |
| International Standard Book Number | 9780070660854 |
| 082 ## - DEWEY DECIMAL CLASSIFICATION NUMBER | |
| Classification number | 629.1323 AND |
| 090 ## - LOCALLY ASSIGNED LC-TYPE CALL NUMBER (OCLC); LOCAL CALL NUMBER (RLIN) | |
| -- | 39324 |
| -- | 39324 |
| 100 ## - MAIN ENTRY--PERSONAL NAME | |
| Personal name | John D Anderson |
| 245 ## - TITLE STATEMENT | |
| Title | Fundamentals of Aerodynamics 5th/Ed |
| Statement of responsibility, etc. | John D Anderson |
| Medium | English |
| 250 ## - EDITION STATEMENT | |
| Edition statement | 5 th |
| 260 ## - PUBLICATION, DISTRIBUTION, ETC. | |
| Place of publication, distribution, etc. | New Delhi |
| Name of publisher, distributor, etc. | Tata McGraw Hill |
| 300 ## - PHYSICAL DESCRIPTION | |
| Extent | xxiv 1008 p |
| 500 ## - GENERAL NOTE | |
| General note | DOS BS Reference Books |
| 505 ## - FORMATTED CONTENTS NOTE | |
| Formatted contents note | Gifted Books |
| 942 ## - ADDED ENTRY ELEMENTS (KOHA) | |
| Institution code [OBSOLETE] | caenust |
| Call number prefix | 629.1323 AND |
| Koha item type | |
| Withdrawn status | Lost status | Damaged status | Not for loan | Collection code | Permanent Location | Current Location | Date acquired | Total Checkouts | Full call number | Barcode | Date last seen | Price effective from | Koha item type |
|---|---|---|---|---|---|---|---|---|---|---|---|---|---|
| College of Aeronautical Engineering (CAE) | College of Aeronautical Engineering (CAE) | 04/03/2017 | 629.1323 AND | CAEG-6795 | 04/05/2017 | 04/05/2017 | Book | ||||||
| College of Aeronautical Engineering (CAE) | College of Aeronautical Engineering (CAE) | 04/03/2017 | 629.1323 AND | CAEG-7782 | 04/05/2017 | 04/05/2017 | Book | ||||||
| College of Aeronautical Engineering (CAE) | College of Aeronautical Engineering (CAE) | 04/03/2017 | 629.1323 AND | CAEG-7781 | 04/05/2017 | 04/05/2017 | Book | ||||||
| College of Aeronautical Engineering (CAE) | College of Aeronautical Engineering (CAE) | 04/03/2017 | 629.1323 AND | CAEG-6797 | 04/05/2017 | 04/05/2017 | Book | ||||||
| College of Aeronautical Engineering (CAE) | College of Aeronautical Engineering (CAE) | 04/03/2017 | 629.1323 AND | CAEG-6796 | 04/05/2017 | 04/05/2017 | Book |
